Tytuły opowiadań o Wiedźminie - Statystyki

Ogólne statystyki
  • Ten quiz został rozwiązany 539 razy
  • Średni wynik to 10 z 12
Statystyki odpowiedzi
1 2 % Poprawnych
Mniejsze Zło
98%
Ostatnie Życzenie
98%
Miecz Przeznaczenia
95%
Kraniec Świata
92%
Ziarno Prawdy
91%
Głos Rozsądku
83%
Wieczny Ogień
81%
Okruch Lodu
73%
Kwestia Ceny
70%
Coś Więcej
65%
Trochę Poświęcenia
54%
Granica Możliwości
52%
Nie znaleziono quizów pasujących do podanych kryteriów
Rozkład punktacji
Procent ludzi z każdym wynikiem
Percentyl według liczby udzielonych odpowiedzi
Twoja historia wyników
Nie rozwiązałeś tego quizu